Aircraft Accidents and Incidents with 200+ Fatalities - Statistics

General Stats
  • This quiz has been taken 81 times
  • The average score is 10 of 27
Answer Stats
Date Flight Information # Passenger Deaths Final Destination City % Correct
06/01/09 Air France Flight 447 216 Paris
83%
03/03/74 Turkish Airlines Flight 981 335 London
78%
07/17/14 Malaysia Airlines Flight 17 283 Kuala Lumpur
73%
09/01/83 Korean Air Lines Flight 007 246 Seoul
70%
05/25/79 American Airlines Flight 191 258 Los Angeles
68%
03/08/14 Malaysia Airlines Flight 370 227 Beijing
67%
10/31/99 EgyptAir Flight 990 202 Cairo
67%
08/12/85 Japan Airlines Flight 123 505 Osaka
60%
11/28/79 Air New Zealand Flight 901 237 Auckland
52%
09/02/98 Swissair Flight 111 215 Geneva
52%
06/23/85 Air India Flight 182 307 Mumbai
44%
07/17/96 TWA Flight 800 212 Rome
41%
05/26/91 Lauda Air Flight 004 213 Vienna
40%
07/03/88 Iran Air Flight 655 274 Dubai
38%
05/25/02 China Airlines Flight 611 206 Hong Kong
38%
08/19/80 Saudi Flight 163 287 Jeddah
30%
11/12/96 Saudi Arabian Flight 763 / Kazakhstan Airlines Flight 1907 316 Dhahran/Delhi
25%
10/31/15 Metrojet Flight 9268 217 Saint Petersburg
25%
03/27/77 Pan Am Flight 1736 / LKM Flight 4805 560 Canary Islands
24%
11/12/01 American Airlines Flight 587 251 Santo Domingo
17%
12/21/88 Pan Am Flight 103 243 Detroit
14%
09/26/97 Garuda Indonesia Flight 152 222 Medan
14%
04/26/94 China Airlines Flight 140 249 Komaki
5%
02/19/03 Iranian Air Force 15-2280 257 Kerman
3%
12/12/85 Arrow Air Flight 1285 248 Fort Campbell
2%
07/11/91 Nigeria Airways Flight 2120 247 Sokoto
2%
08/06/97 Korean Air Flight 801 206 Tamuning
2%
No matching quizzes found
Score Distribution
Percent of People with Each Score
Percentile by Number Answered
Your Score History
You have not taken this quiz